English churchyard memorials /

Bibliographic Details
Main Author: Burgess, Frederick Bevan
Format: Book
Language:English
Published: London : SPCK, 1979.
Edition:1st paperback ed.
Subjects:

MARC

Tag First Indicator Second Indicator Subfields
LEADER 00000cam a2200000 i 4500
001 in00000069076
005 20151008051358.0
008 790925s1979 enkaf b 00110 eng d
020 |a 0281036624 :  |c 7.50 
035 |a (OCoLC)05421909 
035 |9 AAG7504AM 
040 |a EEM  |c EEM  |d TXA  |d UtOrBLW 
043 |a e-uk-en 
049 |a TXAM  |c [1421113] 
090 |a NB1860  |b .B8 1979 
100 1 |a Burgess, Frederick Bevan. 
245 1 0 |a English churchyard memorials /  |c Frederick Burgess. 
250 |a 1st paperback ed. 
264 1 |a London :  |b SPCK,  |c 1979. 
300 |a 325 pages, 16 unnumbered leaves of plates :  |b illustrations ;  |c 22 cm. 
336 |a text  |b txt  |2 rdacontent 
337 |a unmediated  |b n  |2 rdamedia 
338 |a volume  |b nc  |2 rdacarrier 
504 |a Includes bibliographical references and indexes. 
650 0 |a Sepulchral monuments  |z England. 
650 0 |a Stone-cutters. 
650 0 |a Cemeteries  |z England. 
999 |a MARS 
999 f f |s c43dbd70-eb4a-3901-a2d7-afa58df9050b  |i 9fd16195-fe91-34f1-8b4b-cd9c320aeb28  |t 0 
952 f f |p normal  |a Texas A&M University  |b College Station  |c Sterling C. Evans Library  |d Evans: Library Stacks  |t 0  |e NB1860 .B8 1979  |h Library of Congress classification  |i unmediated -- volume  |m A14803459378 
998 f f |a NB1860 .B8 1979  |t 0  |l Evans: Library Stacks